000 00735nam a2200217Ii 4500
003 JO-AjNU
008 230605s9999||||xx |||||||||||||| ||und||
017 _a31661
040 _aJO-AjNU
_bara
_erda
_cJO-AjNU
041 _aara
050 1 4 _aLB1570.H55 1999
100 3 _aهندي،صالح ذياب مؤلف/عليان،هشام عامر م.مشارك,
_eauthor
_917276
245 0 0 _aدراسات في الأساليب والمناهج العامة
250 _aط7
264 3 1 _aعمان:دار الفكر،1999
300 _a249ص
336 _atext
_btxt
_2rdacontent
337 _aunmediated
_bn
_2rdamedia
338 _avolume
_bnc
_2rdacarrier
650 4 _aالتعليم-مناهج. التخطيط التربوي
_917277
999 _aA5302
_c8870
_d8870